[Event "2022 Welsh Championship"]
[Site "Cardiff"]
[Date "2022.04.15"]
[Round "2"]
[Board "5"]
[White "Evans, Nicholas Thomas"]
[Black "Everett, Elijah"]
[Result "1/2-1/2"]
[WhiteElo "1882"]
[BlackElo "2217"]
[PlyCount "0"]
[EventDate "2022.04.15"]
[EventRounds "7"]
[EventCountry "WLS"]

1. d4 {[%clk 01:30:37]} {[%emt 00:00:07]} Nf6 {[%clk 01:30:52]} {[%emt
00:00:07]} 2. Nf3 {[%clk 01:31:04]} {[%emt 00:00:04]} g6 {[%clk 01:31:16]}
{[%emt 00:00:06]} 3. c4 {[%clk 01:31:25]} {[%emt 00:00:10]} Bg7 {[%clk
01:31:39]} {[%emt 00:00:06]} 4. g3 {[%clk 01:31:49]} {[%emt 00:00:06]} O-O
{[%clk 01:32:01]} {[%emt 00:00:07]} 5. Bg2 {[%clk 01:32:16]} {[%emt 00:00:04]}
d6 {[%clk 01:32:24]} {[%emt 00:00:07]} 6. O-O {[%clk 01:32:37]} {[%emt
00:00:09]} Nc6 {[%clk 01:32:40]} {[%emt 00:00:13]} 7. Nc3 {[%clk 01:33:02]}
{[%emt 00:00:05]} a6 {[%clk 01:33:00]} {[%emt 00:00:09]} 8. h3 {[%clk
01:31:12]} {[%emt 00:02:21]} Rb8 {[%clk 01:33:11]} {[%emt 00:00:19]} 9. e4
{[%clk 01:28:54]} {[%emt 00:02:49]} b5 {[%clk 01:33:00]} {[%emt 00:00:40]} 10.
Qe2 {[%clk 01:13:08]} {[%emt 00:16:17]} Nd7 {[%clk 01:23:12]} {[%emt 00:10:17]}
11. Be3 {[%clk 01:10:29]} {[%emt 00:03:10]} e5 {[%clk 01:20:35]} {[%emt
00:03:05]} 12. Rfd1 {[%clk 01:06:55]} {[%emt 00:04:04]} bxc4 {[%clk 01:17:24]}
{[%emt 00:03:42]} 13. Qxc4 {[%clk 01:02:25]} {[%emt 00:05:00]} exd4 {[%clk
01:15:15]} {[%emt 00:02:38]} 14. Nxd4 {[%emt 00:17:40]} Nxd4 {[%clk 01:12:41]}
{[%emt 00:03:00]} 15. Bxd4 {[%clk 00:45:04]} {[%emt 00:00:46]} Bxd4 {[%clk
01:11:58]} {[%emt 00:01:13]} 16. Qxd4 {[%clk 00:42:33]} {[%emt 00:03:02]} Rxb2
{[%clk 01:10:51]} {[%emt 00:01:36]} 17. Nd5 {[%clk 00:41:15]} {[%emt 00:01:48]}
Rb5 {[%clk 01:04:49]} {[%emt 00:06:30]} 18. Rac1 {[%clk 00:38:29]} {[%emt
00:03:19]} Rc5 {[%clk 01:01:00]} {[%emt 00:04:18]} 19. Rxc5 {[%clk 00:35:00]}
{[%emt 00:04:00]} dxc5 {[%clk 01:01:23]} {[%emt 00:00:06]} 20. Qa4 {[%clk
00:30:27]} {[%emt 00:05:04]} Nb8 {[%clk 00:50:42]} {[%emt 00:11:09]} 21. Qa5
{[%clk 00:28:13]} {[%emt 00:02:45]} Be6 {[%clk 00:47:02]} {[%emt 00:04:09]} 22.
Qxc5 {[%clk 00:26:55]} {[%emt 00:01:49]} Bxd5 {[%clk 00:44:47]} {[%emt
00:02:45]} 23. Rxd5 {[%clk 00:26:30]} {[%emt 00:00:56]} Qc8 {[%clk 00:44:19]}
{[%emt 00:00:57]} 24. Bf3 {[%clk 00:22:42]} {[%emt 00:04:18]} Qxh3 {[%clk
00:40:39]} {[%emt 00:04:09]} 25. Qxc7 {[%clk 00:22:21]} {[%emt 00:00:53]} Qe6
{[%clk 00:39:08]} {[%emt 00:02:00]} 26. Rd8 {[%clk 00:17:17]} {[%emt 00:05:36]}
Nc6 {[%clk 00:38:22]} {[%emt 00:01:15]} 27. Rd6 {[%clk 00:08:35]} {[%emt
00:09:12]} Rc8 {[%clk 00:38:36]} {[%emt 00:00:16]} 28. Rxe6 {[%clk 00:08:45]}
{[%emt 00:00:21]} Rxc7 {[%clk 00:39:00]} {[%emt 00:00:06]} 29. Re8+ {[%clk
00:08:25]} {[%emt 00:00:50]} Kg7 {[%clk 00:39:22]} {[%emt 00:00:07]} 30. Ra8
{[%clk 00:08:00]} {[%emt 00:00:56]} Nd4 {[%clk 00:35:07]} {[%emt 00:04:44]} 31.
Bg4 {[%clk 00:06:01]} {[%emt 00:02:29]} f5 {[%clk 00:29:04]} {[%emt 00:06:32]}
32. exf5 {[%clk 00:05:30]} {[%emt 00:01:02]} gxf5 {[%clk 00:29:27]} {[%emt
00:00:06]} 33. Bh3 {[%clk 00:04:07]} {[%emt 00:01:53]} Rc6 {[%clk 00:29:20]}
{[%emt 00:00:37]} 34. Rd8 {[%clk 00:02:34]} {[%emt 00:02:05]} Rc4 {[%clk
00:27:55]} {[%emt 00:01:54]} 35. Rd7+ {[%clk 00:01:29]} {[%emt 00:01:36]} Kg6
{[%clk 00:23:28]} {[%emt 00:04:55]} 36. Bf1 {[%clk 00:01:57]} {[%emt 00:00:03]}
Nf3+ {[%clk 00:22:30]} {[%emt 00:01:27]} 37. Kg2 {[%clk 00:02:09]} {[%emt
00:00:19]} Ne1+ {[%clk 00:22:41]} {[%emt 00:00:19]} 38. Kg1 {[%clk 00:02:18]}
{[%emt 00:00:22]} Nf3+ {[%clk 00:21:55]} {[%emt 00:01:14]} 39. Kg2 {[%clk
00:02:45]} {[%emt 00:00:04]} Ne1+ {[%clk 00:22:18]} {[%emt 00:00:07]} 40. Kg1
{[%clk 00:03:07]} {[%emt 00:00:07]}  1/2-1/2

[Event "2022 Welsh Championship"]
[Site "Cardiff"]
[Date "2022.04.15"]
[Round "2"]
[Board "6"]
[White "Smith, Lynda"]
[Black "Zeidler, Sven P."]
[Result "0-1"]
[WhiteElo "1772"]
[BlackElo "2157"]
[PlyCount "0"]
[EventDate "2022.04.15"]
[EventRounds "7"]
[EventCountry "WLS"]

1. e4 {[%clk 01:30:57]} {[%emt 00:00:03]} Nc6 {[%clk 01:30:49]} {[%emt
00:00:11]} 2. Nc3 {[%clk 01:30:57]} {[%emt 00:00:30]} Nf6 {[%clk 01:30:49]}
{[%emt 00:00:30]} 3. g3 {[%clk 01:30:14]} {[%emt 00:01:13]} e5 {[%clk
01:29:20]} {[%emt 00:02:00]} 4. Bg2 {[%clk 01:29:42]} {[%emt 00:01:01]} Bc5
{[%clk 01:28:03]} {[%emt 00:01:47]} 5. Na4 {[%clk 01:29:05]} {[%emt 00:01:08]}
Be7 {[%clk 01:27:36]} {[%emt 00:00:56]} 6. Ne2 {[%clk 01:29:04]} {[%emt
00:00:30]} h5 {[%clk 01:09:45]} {[%emt 00:18:22]} 7. d4 {[%clk 01:25:50]}
{[%emt 00:03:44]} d6 {[%clk 01:09:21]} {[%emt 00:00:54]} 8. Bg5 {[%clk
01:20:37]} {[%emt 00:05:43]} Bg4 {[%clk 01:05:12]} {[%emt 00:04:39]} 9. f3
{[%clk 01:16:42]} {[%emt 00:04:25]} Bd7 {[%clk 01:05:06]} {[%emt 00:00:36]} 10.
Nac3 {[%clk 01:15:10]} {[%emt 00:02:03]} Nxe4 {[%clk 00:57:45]} {[%emt
00:07:51]} 11. Bxe7 {[%clk 01:09:48]} {[%emt 00:05:51]} Nxc3 {[%clk 00:58:04]}
{[%emt 00:00:11]} 12. Nxc3 {[%clk 01:08:45]} {[%emt 00:01:33]} Qxe7 {[%clk
00:56:43]} {[%emt 00:01:50]} 13. Nd5 {[%clk 01:07:55]} {[%emt 00:01:21]} Qd8
{[%clk 00:56:30]} {[%emt 00:00:42]} 14. dxe5 {[%clk 01:07:44]} {[%emt
00:00:42]} dxe5 {[%clk 00:54:00]} {[%emt 00:03:01]} 15. Qd2 {[%clk 01:05:09]}
{[%emt 00:03:05]} Be6 {[%clk 00:49:08]} {[%emt 00:05:21]} 16. O-O-O {[%clk
01:03:40]} {[%emt 00:01:58]} Qd7 {[%clk 00:40:21]} {[%emt 00:09:18]} 17. f4
{[%clk 00:59:43]} {[%emt 00:04:27]} O-O-O {[%clk 00:26:38]} {[%emt 00:14:13]}
18. fxe5 {[%clk 00:56:27]} {[%emt 00:03:47]} Bg4 {[%clk 00:16:37]} {[%emt
00:10:31]} 19. Rde1 {[%clk 00:50:46]} {[%emt 00:06:11]} Rhe8 {[%clk 00:16:57]}
{[%emt 00:00:10]} 20. Qf4 {[%clk 00:48:22]} {[%emt 00:02:55]} Qe6 {[%clk
00:10:22]} {[%emt 00:07:05]} 21. h3 {[%clk 00:31:34]} {[%emt 00:17:17]} Bf5
{[%clk 00:10:46]} {[%emt 00:00:07]} 22. Rd1 {[%clk 00:27:43]} {[%emt 00:04:21]}
Qxe5 {[%clk 00:09:40]} {[%emt 00:01:36]} 23. Rhf1 {[%clk 00:23:52]} {[%emt
00:04:21]} Qxf4+ {[%clk 00:08:32]} {[%emt 00:01:38]} 24. Nxf4 {[%clk 00:23:25]}
{[%emt 00:00:57]} g6 {[%clk 00:06:33]} {[%emt 00:02:28]} 25. Rxd8+ {[%clk
00:20:24]} {[%emt 00:03:32]} Nxd8 {[%clk 00:06:22]} {[%emt 00:00:42]} 26. Kd2
{[%clk 00:18:34]} {[%emt 00:02:20]} Re5 {[%clk 00:05:00]} {[%emt 00:01:51]} 27.
Nd3 {[%clk 00:17:48]} {[%emt 00:01:16]} Bxd3 {[%clk 00:04:10]} {[%emt
00:01:21]} 28. Kxd3 {[%clk 00:18:09]} {[%emt 00:00:09]} Kd7 {[%clk 00:04:18]}
{[%emt 00:00:22]} 29. Rf4 {[%clk 00:17:24]} {[%emt 00:01:15]} Rg5 {[%clk
00:03:47]} {[%emt 00:01:01]} 30. g4 {[%clk 00:16:23]} {[%emt 00:01:32]} f5
{[%clk 00:02:33]} {[%emt 00:01:44]} 31. Rd4+ {[%clk 00:13:27]} {[%emt
00:03:26]} Ke7 {[%clk 00:03:01]} {[%emt 00:00:02]} 32. Bf3 {[%clk 00:13:15]}
{[%emt 00:00:42]} fxg4 {[%clk 00:02:39]} {[%emt 00:00:52]} 33. hxg4 {[%clk
00:12:46]} {[%emt 00:00:59]} h4 {[%clk 00:03:00]} {[%emt 00:00:09]} 34. Rb4
{[%clk 00:11:11]} {[%emt 00:02:05]} b6 {[%clk 00:03:10]} {[%emt 00:00:21]} 35.
Re4+ {[%clk 00:10:38]} {[%emt 00:01:03]} Ne6 {[%clk 00:03:28]} {[%emt
00:00:11]} 36. Ke3 {[%clk 00:10:00]} {[%emt 00:01:09]} Kf6 {[%clk 00:03:38]}
{[%emt 00:00:19]} 37. Rc4 {[%clk 00:09:41]} {[%emt 00:00:49]} Rc5 {[%clk
00:03:28]} {[%emt 00:00:41]} 38. Be2 {[%clk 00:07:17]} {[%emt 00:02:54]} Rxc4
{[%clk 00:02:18]} {[%emt 00:01:40]} 39. Bxc4 {[%clk 00:07:35]} {[%emt
00:00:12]} c6 {[%clk 00:02:19]} {[%emt 00:00:29]} 40. c3 {[%clk 00:06:34]}
{[%emt 00:01:31]} b5 {[%clk 00:02:20]} {[%emt 00:00:29]} 41. Bf1 {[%clk
00:06:27]} {[%emt 00:00:37]} Nc7 {[%clk 00:01:43]} {[%emt 00:01:07]} 42. Kd4
{[%clk 00:05:06]} {[%emt 00:01:51]} Ne6+ {[%clk 00:02:06]} {[%emt 00:00:06]} 43.
Ke3 {[%clk 00:05:10]} {[%emt 00:00:25]} Kg5 {[%clk 00:02:20]} {[%emt 00:00:16]}
44. Bg2 {[%clk 00:04:08]} {[%emt 00:01:34]} c5 {[%clk 00:02:07]} {[%emt
00:00:43]} 45. Kf3 {[%clk 00:04:03]} {[%emt 00:00:35]} Nf4 {[%clk 00:02:01]}
{[%emt 00:00:37]} 46. Bf1 {[%clk 00:03:57]} {[%emt 00:00:36]} c4 {[%clk
00:00:59]} {[%emt 00:01:31]} 47. b3 {[%clk 00:03:26]} {[%emt 00:01:01]} Nd3
{[%clk 00:01:00]} {[%emt 00:00:30]} 48. bxc4 {[%clk 00:02:28]} {[%emt
00:01:28]} bxc4 {[%clk 00:01:13]} {[%emt 00:00:17]}  0-1

[Event "2022 Welsh Championship"]
[Site "Cardiff"]
[Date "2022.04.15"]
[Round "2"]
[Board "7"]
[White "Davis, Lee"]
[Black "Brown, Thomas"]
[Result "0-1"]
[WhiteElo "1944"]
[BlackElo "2173"]
[PlyCount "0"]
[EventDate "2022.04.15"]
[EventRounds "7"]
[EventCountry "WLS"]

1. d4 {[%clk 01:30:58]} Nf6 {[%clk 01:26:47]} {[%emt 00:04:13]} 2. Nf3 {[%clk
01:31:20]} {[%emt 00:00:07]} g6 {[%clk 01:27:07]} {[%emt 00:00:11]} 3. g3
{[%clk 01:31:44]} {[%emt 00:00:06]} Bg7 {[%clk 01:27:32]} {[%emt 00:00:04]} 4.
Bg2 {[%clk 01:32:10]} {[%emt 00:00:04]} O-O {[%clk 01:27:57]} {[%emt 00:00:06]}
5. O-O {[%clk 01:32:35]} {[%emt 00:00:05]} d6 {[%clk 01:28:19]} {[%emt
00:00:09]} 6. c4 {[%clk 01:32:58]} {[%emt 00:00:06]} c6 {[%clk 01:28:40]}
{[%emt 00:00:09]} 7. Nc3 {[%clk 01:33:15]} {[%emt 00:00:12]} Bf5 {[%clk
01:28:55]} {[%emt 00:00:15]} 8. Nh4 {[%clk 01:32:22]} {[%emt 00:01:23]} Be6
{[%clk 01:29:10]} {[%emt 00:00:15]} 9. d5 {[%clk 01:32:41]} {[%emt 00:00:12]}
cxd5 {[%clk 01:29:21]} {[%emt 00:00:19]} 10. cxd5 {[%clk 01:33:07]} {[%emt
00:00:04]} Bd7 {[%clk 01:29:08]} {[%emt 00:00:43]} 11. Be3 {[%clk 01:30:53]}
{[%emt 00:02:44]} a5 {[%clk 01:27:59]} {[%emt 00:01:40]} 12. a4 {[%clk
01:24:17]} {[%emt 00:07:06]} Na6 {[%clk 01:28:19]} {[%emt 00:00:10]} 13. Nf3
{[%clk 01:24:12]} {[%emt 00:00:35]} Nb4 {[%clk 01:26:30]} {[%emt 00:02:19]} 14.
Ne1 {[%clk 01:19:54]} {[%emt 00:04:48]} Rc8 {[%clk 01:22:53]} {[%emt 00:04:08]}
15. Rc1 {[%clk 01:16:03]} {[%emt 00:04:20]} Rc4 {[%clk 01:15:35]} {[%emt
00:07:48]} 16. Nc2 {[%clk 01:07:51]} {[%emt 00:08:42]} Nxc2 {[%clk 01:07:14]}
{[%emt 00:08:51]} 17. Qxc2 {[%clk 01:06:32]} {[%emt 00:01:49]} Bxa4 {[%clk
01:07:17]} {[%emt 00:00:27]} 18. b3 {[%clk 01:06:53]} {[%emt 00:00:09]} Nxd5
{[%clk 01:07:29]} {[%emt 00:00:17]} 19. Bxd5 {[%clk 01:05:32]} {[%emt
00:01:51]} Rxc3 {[%clk 01:07:45]} {[%emt 00:00:15]} 20. Qe4 {[%clk 01:02:33]}
{[%emt 00:03:28]} Bxb3 {[%clk 01:03:25]} {[%emt 00:04:50]} 21. Rxc3 {[%clk
00:59:49]} {[%emt 00:03:14]} Bxd5 {[%clk 01:03:29]} {[%emt 00:00:26]} 22. Qxd5
{[%clk 01:00:11]} {[%emt 00:00:08]} Bxc3 {[%clk 01:03:48]} {[%emt 00:00:10]} 23.
Qxb7 {[%clk 01:00:28]} {[%emt 00:00:13]} Bf6 {[%clk 01:01:01]} {[%emt
00:03:17]} 24. Rc1 {[%clk 00:53:25]} {[%emt 00:07:34]} a4 {[%clk 00:59:28]}
{[%emt 00:02:03]} 25. Rc4 {[%emt 00:02:48]} Qa8 {[%clk 00:58:04]} {[%emt
00:01:52]} 26. Qd7 {[%clk 00:49:44]} {[%emt 00:01:55]} a3 {[%clk 00:54:00]}
{[%emt 00:04:34]} 27. Ra4 {[%clk 00:46:54]} {[%emt 00:03:19]} a2 {[%emt
00:02:48]}  0-1

[Event "2022 Welsh Championship"]
[Site "Cardiff"]
[Date "2022.04.15"]
[Round "2"]
[Board "8"]
[White "Thomas, James"]
[Black "Lavender, James"]
[Result "1/2-1/2"]
[WhiteElo "1941"]
[BlackElo "2039"]
[PlyCount "0"]
[EventDate "2022.04.15"]
[EventRounds "7"]
[EventCountry "WLS"]

1. e4 {[%clk 01:30:55]} {[%emt 00:00:04]} e5 {[%clk 01:30:55]} {[%emt
00:00:06]} 2. Nf3 {[%clk 01:31:16]} {[%emt 00:00:09]} Nc6 {[%clk 01:31:19]}
{[%emt 00:00:06]} 3. Bc4 {[%clk 01:31:32]} {[%emt 00:00:14]} Bc5 {[%clk
01:31:41]} 4. c3 {[%clk 01:31:37]} {[%emt 00:00:33]} Nf6 {[%clk 01:32:05]} 5.
d3 {[%clk 01:31:35]} {[%emt 00:00:38]} a6 {[%clk 01:32:28]} {[%emt 00:00:08]} 6.
Bb3 {[%clk 01:31:09]} {[%emt 00:00:55]} Ba7 {[%clk 01:32:50]} {[%emt 00:00:08]}
7. Nbd2 {[%clk 01:30:00]} {[%emt 00:01:39]} O-O {[%clk 01:32:56]} {[%emt
00:00:24]} 8. h3 {[%clk 01:27:34]} {[%emt 00:02:56]} d5 {[%clk 01:31:11]}
{[%emt 00:02:14]} 9. Qe2 {[%clk 01:25:26]} {[%emt 00:02:39]} h6 {[%clk
01:28:42]} {[%emt 00:03:00]} 10. Nf1 {[%clk 01:22:17]} {[%emt 00:03:39]} Re8
{[%clk 01:26:57]} {[%emt 00:02:14]} 11. g4 {[%clk 01:17:58]} {[%emt 00:04:49]}
Na5 {[%clk 01:23:36]} {[%emt 00:03:52]} 12. Bc2 {[%clk 01:14:16]} {[%emt
00:04:12]} c5 {[%clk 01:21:24]} {[%emt 00:02:41]} 13. Ng3 {[%clk 01:09:24]}
{[%emt 00:05:22]} b5 {[%clk 01:19:14]} {[%emt 00:02:41]} 14. g5 {[%clk
01:05:15]} {[%emt 00:04:39]} hxg5 {[%clk 01:19:30]} {[%emt 00:00:14]} 15. Bxg5
{[%clk 01:03:39]} {[%emt 00:02:06]} Qd6 {[%clk 01:16:34]} {[%emt 00:03:26]} 16.
Nh4 {[%clk 00:57:00]} {[%emt 00:07:09]} dxe4 {[%clk 01:00:01]} {[%emt
00:17:03]} 17. dxe4 {[%clk 00:53:48]} {[%emt 00:03:42]} Nc6 {[%clk 00:59:10]}
{[%emt 00:01:21]} 18. Rd1 {[%clk 00:51:43]} {[%emt 00:02:35]} Qe6 {[%clk
00:54:41]} {[%emt 00:04:59]} 19. Nhf5 {[%clk 00:48:10]} {[%emt 00:04:03]} Nh7
{[%clk 00:51:48]} {[%emt 00:03:22]} 20. Rd6 {[%clk 00:34:12]} {[%emt 00:14:29]}
Qc4 {[%clk 00:37:46]} {[%emt 00:14:32]} 21. Qh5 {[%clk 00:30:34]} {[%emt
00:04:08]} Bxf5 {[%clk 00:34:44]} {[%emt 00:03:32]} 22. Nxf5 {[%clk 00:29:54]}
{[%emt 00:01:10]} Nd4 {[%clk 00:34:29]} {[%emt 00:00:45]} 23. Nxd4 {[%clk
00:08:29]} {[%emt 00:21:55]} exd4 {[%clk 00:32:13]} {[%emt 00:02:46]} 24. Bb3
{[%clk 00:05:49]} {[%emt 00:03:11]} Rxe4+ {[%clk 00:29:16]} {[%emt 00:03:27]}
25. Kd2 {[%clk 00:05:23]} {[%emt 00:00:55]} dxc3+ {[%clk 00:26:22]} {[%emt
00:03:24]} 26. bxc3 {[%clk 00:05:29]} {[%emt 00:00:24]} Qe2+ {[%clk 00:23:26]}
{[%emt 00:03:25]} 27. Qxe2 {[%clk 00:05:47]} {[%emt 00:00:12]} Rxe2+ {[%clk
00:23:50]} {[%emt 00:00:06]} 28. Kxe2 {[%clk 00:06:12]} {[%emt 00:00:06]} Nxg5
{[%clk 00:24:10]} {[%emt 00:00:09]} 29. Bd5 {[%clk 00:05:00]} {[%emt 00:01:42]}
Re8+ {[%clk 00:23:28]} {[%emt 00:01:13]} 30. Kd1 {[%clk 00:04:20]} {[%emt
00:01:10]} Bb8 {[%clk 00:23:22]} {[%emt 00:00:36]} 31. Rd7 {[%clk 00:04:13]}
{[%emt 00:00:38]} Rf8 {[%clk 00:23:16]} {[%emt 00:00:35]} 32. h4 {[%clk
00:03:53]} {[%emt 00:00:50]} Nh7 {[%clk 00:23:43]} {[%emt 00:00:03]} 33. Bf3
{[%clk 00:03:14]} {[%emt 00:01:09]} Bf4 {[%clk 00:23:05]} {[%emt 00:01:08]} 34.
Re1 {[%clk 00:01:39]} {[%emt 00:02:05]} Nf6 {[%clk 00:23:15]} {[%emt 00:00:19]}
35. Rd3 {[%clk 00:01:13]} {[%emt 00:00:57]} c4 {[%clk 00:23:42]} {[%emt
00:00:03]} 36. Rd4 {[%clk 00:01:22]} {[%emt 00:00:20]} Bc7 {[%clk 00:23:47]}
{[%emt 00:00:25]} 37. Re2 {[%clk 00:01:21]} {[%emt 00:00:32]} Rb8 {[%clk
00:22:22]} {[%emt 00:01:54]} 38. Kc2 {[%clk 00:01:35]} {[%emt 00:00:17]} g6
{[%clk 00:21:06]} {[%emt 00:01:46]} 39. Red2 {[%clk 00:01:10]} {[%emt
00:00:56]} Kg7 {[%clk 00:21:05]} {[%emt 00:00:30]} 40. Re2 {[%clk 00:01:02]}
{[%emt 00:00:39]} a5 {[%clk 00:20:20]} {[%emt 00:01:14]} 41. a4 {[%clk
00:25:43]} {[%emt 00:05:49]} Bb6 {[%emt 00:03:46]}  1/2-1/2

[Event "2022 Welsh Championship"]
[Site "Cardiff"]
[Date "2022.04.15"]
[Round "2"]
[Board "9"]
[White "Garcia, Jason"]
[Black "Turner, Joseph David"]
[Result "1-0"]
[WhiteElo "2022"]
[BlackElo "1888"]
[PlyCount "0"]
[EventDate "2022.04.15"]
[EventRounds "7"]
[EventCountry "WLS"]

1. Nf3 {[%clk 01:30:57]} {[%emt 00:00:02]} Nf6 {[%clk 01:30:52]} {[%emt
00:00:09]} 2. c4 {[%clk 01:31:22]} {[%emt 00:00:05]} g6 {[%clk 01:30:58]}
{[%emt 00:00:24]} 3. b4 {[%clk 01:31:47]} {[%emt 00:00:05]} d6 {[%clk
01:30:56]} {[%emt 00:00:32]} 4. Bb2 {[%clk 01:32:03]} {[%emt 00:00:14]} Bg7
{[%clk 01:30:20]} {[%emt 00:01:06]} 5. g3 {[%clk 01:32:07]} {[%emt 00:00:26]}
e5 {[%clk 01:27:50]} {[%emt 00:02:59]} 6. d3 {[%clk 01:32:20]} {[%emt
00:00:17]} c6 {[%clk 01:22:52]} {[%emt 00:05:28]} 7. Bg2 {[%clk 01:31:45]}
{[%emt 00:01:05]} Qb6 {[%clk 01:20:49]} {[%emt 00:02:34]} 8. O-O {[%clk
01:24:44]} {[%emt 00:07:30]} a5 {[%clk 01:15:18]} {[%emt 00:06:01]} 9. b5
{[%clk 01:19:29]} {[%emt 00:05:45]} cxb5 {[%clk 01:04:54]} {[%emt 00:10:55]} 10.
cxb5 {[%clk 01:10:56]} {[%emt 00:09:02]} Qxb5 {[%clk 01:00:48]} {[%emt
00:04:36]} 11. Ba3 {[%clk 01:00:35]} {[%emt 00:10:51]} Ra6 {[%clk 00:50:01]}
{[%emt 00:11:17]} 12. Nc3 {[%clk 00:54:04]} {[%emt 00:07:00]} Qd7 {[%clk
00:48:45]} {[%emt 00:01:46]} 13. Rb1 {[%clk 00:51:21]} {[%emt 00:03:13]} O-O
{[%clk 00:44:14]} {[%emt 00:05:01]} 14. Nd2 {[%clk 00:45:12]} {[%emt 00:06:38]}
Nc6 {[%clk 00:29:36]} {[%emt 00:15:09]} 15. Nc4 {[%clk 00:44:35]} {[%emt
00:01:07]} Nd8 {[%clk 00:17:46]} {[%emt 00:12:20]} 16. Nb6 {[%clk 00:31:58]}
{[%emt 00:13:07]} Qc7 {[%clk 00:09:46]} {[%emt 00:08:31]} 17. Ncd5 {[%clk
00:29:56]} {[%emt 00:02:32]} Nxd5 {[%clk 00:09:59]} {[%emt 00:00:16]} 18. Nxd5
{[%clk 00:28:43]} {[%emt 00:01:44]} Qd7 {[%clk 00:09:54]} {[%emt 00:00:34]} 19.
Nb6 {[%clk 00:22:41]} {[%emt 00:06:33]} Qc7 {[%clk 00:06:19]} {[%emt 00:04:05]}
20. Nxc8 {[%clk 00:21:06]} {[%emt 00:02:05]} Qxc8 {[%clk 00:06:43]} {[%emt
00:00:07]} 21. Qb3 {[%clk 00:21:32]} {[%emt 00:00:03]} Nc6 {[%clk 00:00:50]}
{[%emt 00:06:23]} 22. Rfc1 {[%clk 00:16:44]} {[%emt 00:05:18]} a4 {[%clk
00:00:53]} {[%emt 00:00:28]} 23. Qxb7 {[%clk 00:16:50]} {[%emt 00:00:23]} Qxb7
{[%clk 00:01:16]} {[%emt 00:00:07]} 24. Rxb7 {[%clk 00:17:19]} {[%emt
00:00:01]} Nd4 {[%clk 00:01:29]} {[%emt 00:00:17]} 25. Kf1 {[%clk 00:17:27]}
{[%emt 00:00:22]} Ne6 {[%clk 00:00:40]} {[%emt 00:01:20]} 26. Bd5 {[%clk
00:16:25]} {[%emt 00:01:32]}  1-0